Young offenders and juvenile justice : (Record no. 746)

000 -LEADER
fixed length control field 01040nam a2200337 a 4500
003 - CONTROL NUMBER IDENTIFIER
control field OCoLC
005 - DATE AND TIME OF LATEST TRANSACTION
control field 20210617055909.0
008 - FIXED-LENGTH DATA ELEMENTS--GENERAL INFORMATION
fixed length control field 981106s1999 onca b 001 0 eng c
020 ## - INTERNATIONAL STANDARD BOOK NUMBER
International Standard Book Number 0176049312 (pbk.)
040 ## - CATALOGING SOURCE
Transcribing agency CaOTU
043 ## - GEOGRAPHIC AREA CODE
Geographic area code n-cn---
050 ## - LIBRARY OF CONGRESS CALL NUMBER
Classification number HV9108
Item number .B44 1999
055 01 - CLASSIFICATION NUMBERS ASSIGNED IN CANADA
Classification number HV9108
055 #3 - CLASSIFICATION NUMBERS ASSIGNED IN CANADA
Classification number HV9108
Item number .B44 1999
055 00 - CLASSIFICATION NUMBERS ASSIGNED IN CANADA
Classification number HV9108
Item number B44 1999
090 ## - LOCALLY ASSIGNED LC-TYPE CALL NUMBER (OCLC); LOCAL CALL NUMBER (RLIN)
Classification number (OCLC) (R) ; Classification number, CALL (RLIN) (NR) HV9108 .B44 1999
100 1# - MAIN ENTRY--PERSONAL NAME
Personal name Bell, Sandra Jean,
Dates associated with a name 1943-
245 10 - TITLE STATEMENT
Title Young offenders and juvenile justice :
Remainder of title a century after the fact /
Statement of responsibility, etc. Sandra J. Bell.
260 ## - PUBLICATION, DISTRIBUTION, ETC.
Place of publication, distribution, etc. Toronto :
Name of publisher, distributor, etc. ITP Nelson,
Date of publication, distribution, etc. 1999.
300 ## - PHYSICAL DESCRIPTION
Extent xvii, 358 p. :
Other physical details ill. ;
Dimensions 24 cm.
504 ## - BIBLIOGRAPHY, ETC. NOTE
Bibliography, etc. note Includes bibliographical references and index.
650 #0 - SUBJECT ADDED ENTRY--TOPICAL TERM
Topical term or geographic name entry element Juvenile delinquency
Geographic subdivision Canada.
650 #0 - SUBJECT ADDED ENTRY--TOPICAL TERM
Topical term or geographic name entry element Juvenile justice, Administration of
Geographic subdivision Canada.
907 ## - LOCAL DATA ELEMENT G, LDG (RLIN)
a .b21160430
942 ## - ADDED ENTRY ELEMENTS (KOHA)
Source of classification or shelving scheme
Koha item type Book
Suppress in OPAC DO
Holdings
Withdrawn status Lost status Source of classification or shelving scheme Damaged status Not for loan Permanent Location Current Location Shelving location Date acquired Total Checkouts Full call number Barcode Date last seen Price effective from Koha item type Public note
          AU LIBRARY AU LIBRARY Open Shelf 17.06.2021   HV9108 .B44 1999 28001647 17.06.2021 17.06.2021 Book DO

Powered by Koha